Central Library, Doon University
WEBOPAC (ONLINE PUBLIC ACCESS CATALOGUE)
Normal view MARC view

Entry Personal Name

Number of records used in: 1

001 - CONTROL NUMBER

  • control field: 26677

003 - CONTROL NUMBER IDENTIFIER

  • control field: Doon University

005 - DATE AND TIME OF LATEST TRANSACTION

  • control field: 20260422125747.0

008 - FIXED-LENGTH DATA ELEMENTS

  • fixed length control field: 260422|| aca||aabn | a|a d

040 ## - CATALOGING SOURCE

  • Original cataloging agency: Doon University
  • Transcribing agency: Doon University

100 ## - HEADING--PERSONAL NAME

  • Personal name: Ratogi, Nirvika

670 ## - SOURCE DATA FOUND

  • Source citation: Work cat.: (Doon University)60673: Rastogi, Veer Bala 13688, Fundamentals of Genetics, 2022
Contact : +91-135-2533126 (Library),+91-135-2533105 (Admin Office) , Email : doonlibrary@gmail.com

Powered by Koha